[Event "Pardubice Open A"]
[Site "?"]
[Date "2015.07.29"]
[Round "6.19"]
[White "TOMAZINI, Zan"]
[Black "POETSCH, Hagen"]
[Result "1/2-1/2"]
[WhiteElo "2401"]
[BlackElo "2498"]
[PlyCount "203"]
[EventDate "2015.??.??"]
[WhiteClock "0:05:33"]
[BlackClock "0:05:09"]

1. e4 e6 2. d4 d5 3. Nd2 Nf6 4. e5 Nfd7 5. Bd3 c5 6. c3 Nc6 7. Ne2 cxd4 8. cxd4
f6 9. exf6 Nxf6 10. Nf3 Bd6 11. O-O O-O 12. Bg5 Qe8 13. a3 Ne4 14. Bh4 Qh5 15.
Ng3 Nxg3 16. Bxg3 Bxg3 17. hxg3 Bd7 18. Re1 Rac8 19. Ne5 Qxd1 20. Raxd1 Nxe5
21. Rxe5 Rc7 22. f4 g6 23. Rf1 b5 24. g4 b4 25. axb4 Rb7 26. f5 exf5 27. Rxd5
fxg4 28. b5 Rxf1+ 29. Kxf1 Kf7 30. Kf2 Be6 31. Rc5 Rd7 32. Ke3 Kf6 33. Rc6 Ke7
34. g3 Bd5 35. Ra6 Bf3 36. Bc4 Kd8 37. Be6 Rb7 38. d5 g5 39. Kd4 h5 40. b6 Rxb6
41. Rxa7 h4 42. Kc5 Rxb2 43. Rg7 Bxd5 44. Bxd5 Ke8 45. Rxg5 hxg3 46. Kd6 Rb6+
47. Ke5 Rh6 48. Be6 Ke7 49. Rg7+ Kf8 50. Rxg4 Ke7 51. Rg7+ Kf8 52. Rxg3 Ke7 53.
Rg7+ Kf8 54. Rc7 Rh1 55. Kf6 Rh6+ 56. Kf5 Rh2 57. Kg6 Ke8 58. Bf5 Kd8 59. Rd7+
Ke8 60. Ra7 Kd8 61. Kf6 Rh6+ 62. Ke5 Rb6 63. Be6 Rb1 64. Bd5 Rb6 65. Rg7 Ra6
66. Bb7 Rb6 67. Rh7 Rg6 68. Bd5 Rb6 69. Ra7 Kc8 70. Kd4 Kd8 71. Kc5 Rg6 72. Rh7
Rf6 73. Bc6 Rf1 74. Kb6 Rb1+ 75. Bb5 Rd1 76. Rg7 Rd2 77. Kc5 Rd1 78. Bc6 Rf1
79. Rd7+ Kc8 80. Ba4 Rf6 81. Rg7 Kd8 82. Bd7 Rf2 83. Be6 Rb2 84. Bd5 Ke8 85.
Kd6 Rb6+ 86. Ke5 Kd8 87. Ra7 Ke8 88. Be6 Rb1 89. Kf6 Rf1+ 90. Bf5 Rd1 91. Ra8+
Rd8 92. Ra7 Rd1 93. Rc7 Rd6+ 94. Be6 Rd2 95. Rc4 Rd1 96. Bf5 Rd6+ 97. Ke5 Ra6
98. Be6 Ke7 99. Rc7+ Kd8 100. Rd7+ Ke8 101. Kf6 Ra1 102. Rd6 1/2-1/2

[Event "Pardubice Open A"]
[Site "?"]
[Date "2015.07.29"]
[Round "6.20"]
[White "KOVALEV, Andrei"]
[Black "KRAUS, Tomas"]
[Result "1-0"]
[WhiteElo "2491"]
[BlackElo "2399"]
[PlyCount "77"]
[EventDate "2015.??.??"]
[WhiteClock "0:11:35"]
[BlackClock "0:01:14"]

1. e4 e5 2. Nf3 Nf6 3. Nxe5 d6 4. Nf3 Nxe4 5. d4 d5 6. Bd3 Be7 7. O-O Nc6 8.
Nc3 Nxc3 9. bxc3 Bg4 10. Rb1 Rb8 11. Re1 O-O 12. Bf4 Bh5 13. Qe2 Bd6 14. Qe3
Bxf4 15. Qxf4 Bxf3 16. Qxf3 Ne7 17. h4 Qd6 18. Re5 c6 19. h5 Kh8 20. Rbe1 Ng8
21. g4 b5 22. Kg2 Qd7 23. h6 g6 24. Re7 Qd6 25. Rxa7 Nxh6 26. Ree7 g5 27. Rad7
Qf4 28. Qxf4 gxf4 29. g5 Rg8 30. Re5 f5 31. Ree7 Rxg5+ 32. Kf3 Rg6 33. Rxh7+
Kg8 34. Kxf4 Ra8 35. Be2 Rxa2 36. Bh5 Rd6 37. Rdg7+ Kf8 38. Rc7 Kg8 39. Ke5 1-0

[Event "Pardubice Open A"]
[Site "?"]
[Date "2015.07.29"]
[Round "6.21"]
[White "TESKE, Henrik"]
[Black "BEN ARTZI, Ido"]
[Result "1/2-1/2"]
[WhiteElo "2475"]
[BlackElo "2397"]
[PlyCount "91"]
[EventDate "2015.??.??"]
[WhiteClock "0:20:45"]
[BlackClock "0:08:45"]

1. e4 e5 2. Nf3 Nc6 3. Bc4 Bc5 4. O-O d6 5. c3 Nf6 6. d4 Bb6 7. dxe5 Nxe5 8.
Nxe5 dxe5 9. Qxd8+ Kxd8 10. Nd2 Ke7 11. b3 Bc5 12. b4 Bd6 13. Re1 a5 14. Rb1
axb4 15. cxb4 Be6 16. a3 c6 17. Kf1 Rhd8 18. Bxe6 Kxe6 19. Re3 Bc7 20. f3 Ne8
21. Ke2 Bb6 22. Rd3 Rxd3 23. Kxd3 Nd6 24. Bb2 Nb5 25. Nc4 Bd4 26. Bxd4 Nxd4 27.
Na5 b6 28. Nc4 b5 29. Na5 c5 30. Kd2 c4 31. Rb2 g6 32. Kc3 f5 33. exf5+ gxf5
34. f4 Nb3 35. fxe5 Nxa5 36. bxa5 Rxa5 37. Kb4 Ra8 38. Re2 Rc8 39. g3 h6 40.
Re1 h5 41. Kxb5 h4 42. Kb4 hxg3 43. hxg3 c3 44. Kb3 c2 45. Kb2 Rc4 46. Kc1
1/2-1/2

[Event "Pardubice Open A"]
[Site "?"]
[Date "2015.07.29"]
[Round "6.22"]
[White "JANSA, Vlastimil"]
[Black "MOEHN, Hans"]
[Result "1-0"]
[WhiteElo "2457"]
[BlackElo "2372"]
[PlyCount "115"]
[EventDate "2015.??.??"]
[WhiteClock "0:24:22"]
[BlackClock "0:13:49"]

1. e4 c6 2. d4 d5 3. Nd2 dxe4 4. Nxe4 Bf5 5. Ng3 Bg6 6. h4 h6 7. Nf3 e6 8. Ne5
Bh7 9. Bd3 Bxd3 10. Qxd3 Nf6 11. Bd2 Be7 12. O-O-O Nbd7 13. f4 c5 14. Be3 O-O
15. Kb1 Qc7 16. Nxd7 Nxd7 17. d5 c4 18. Qe2 Nf6 19. dxe6 fxe6 20. Bd4 Qc6 21.
f5 Bd6 22. Qxe6+ Kh8 23. Ne4 Qxe4 24. Bxf6 Qxe6 25. fxe6 Rxf6 26. Rxd6 Re8 27.
Re1 h5 28. a4 Rf2 29. g3 Rf3 30. Rd7 Rxg3 31. Rxb7 Rg4 32. Rxa7 Rxh4 33. a5 Rd4
34. Re5 g6 35. Rd7 Rxe6 36. Rxh5+ gxh5 37. Rxd4 Re1+ 38. Ka2 Re5 39. Rxc4 Rxa5+
40. Kb3 Kg7 41. Rh4 Kf6 42. c4 Rg5 43. Kb4 Ke6 44. Rh1 Kd6 45. Ra1 Rg2 46. b3
h4 47. Ra6+ Kc7 48. Rh6 Rh2 49. c5 h3 50. Kb5 Rh1 51. Rh7+ Kd8 52. b4 h2 53.
Kc6 Rb1 54. Rh8+ Ke7 55. Rxh2 Rxb4 56. Kc7 Ke6 57. c6 Rg4 58. Rd2 1-0

[Event "Pardubice Open A"]
[Site "?"]
[Date "2015.07.29"]
[Round "6.23"]
[White "MESKOVS, Nikita"]
[Black "NASUTA, Grzegorz"]
[Result "1-0"]
[WhiteElo "2457"]
[BlackElo "2365"]
[PlyCount "75"]
[EventDate "2015.??.??"]
[WhiteClock "0:56:35"]
[BlackClock "0:00:53"]

1. Nf3 Nf6 2. c4 g6 3. Nc3 Bg7 4. e4 c5 5. d4 cxd4 6. Nxd4 d6 7. Be2 Nc6 8. Be3
O-O 9. O-O Nxd4 10. Bxd4 Nd7 11. Bxg7 Kxg7 12. Qd4+ Kg8 13. Rad1 Re8 14. f4 Qb6
15. Nd5 Qxd4+ 16. Rxd4 Rb8 17. b4 b6 18. Bd1 Kf8 19. Nc7 Rd8 20. e5 Bb7 21. Bg4
Rbc8 22. exd6 exd6 23. Nb5 f5 24. Be2 Nf6 25. Nxd6 Ne4 26. Rfd1 Rxd6 27. Rxd6
Nxd6 28. Rxd6 Re8 29. Bf1 Re1 30. Rd7 Be4 31. Kf2 Rb1 32. Rxh7 Rxb4 33. Rxa7
Rb2+ 34. Kg3 Ke8 35. Rg7 Rxa2 36. Rxg6 Rb2 37. h4 Kf7 38. h5 1-0

[Event "Pardubice Open A"]
[Site "?"]
[Date "2015.07.29"]
[Round "6.24"]
[White "VOKAC, Marek"]
[Black "LOMASOV, Semen"]
[Result "1/2-1/2"]
[WhiteElo "2453"]
[BlackElo "2342"]
[PlyCount "90"]
[EventDate "2015.??.??"]
[WhiteClock "0:21:49"]
[BlackClock "0:05:30"]

1. Nf3 Nf6 2. c4 c5 3. Nc3 d5 4. cxd5 Nxd5 5. Qb3 Nb4 6. a3 Be6 7. Qa4+ Bd7 8.
Qd1 N4c6 9. e3 g6 10. d4 Bg7 11. d5 Ne5 12. Nxe5 Bxe5 13. e4 e6 14. Be3 O-O 15.
Qd2 exd5 16. exd5 Re8 17. Be2 Na6 18. O-O Bd6 19. Rfe1 Nc7 20. Bg5 f6 21. Bf4
Bf5 22. g4 Bc8 23. Bf3 f5 24. Bg5 Qd7 25. h3 Qf7 26. Bf4 Qf8 27. Bxd6 Qxd6 28.
Rxe8+ Nxe8 29. Nb5 Qf6 30. d6 fxg4 31. Bd5+ Kh8 32. hxg4 Bxg4 33. Nc7 Nxc7 34.
dxc7 Rc8 35. Re1 Kg7 36. f3 Bf5 37. Qf4 Bd7 38. Qe3 Rxc7 39. Qe7+ Qxe7 40.
Rxe7+ Kf6 41. Rxh7 g5 42. Kf2 Ke5 43. Bc4 a6 44. Rg7 b5 45. Bf1 c4 1/2-1/2

[Event "Pardubice Open A"]
[Site "?"]
[Date "2015.07.29"]
[Round "6.25"]
[White "ZWARDON, Vojtech"]
[Black "WESTERBERG, Jonathan"]
[Result "1/2-1/2"]
[WhiteElo "2397"]
[BlackElo "2452"]
[PlyCount "33"]
[EventDate "2015.??.??"]
[WhiteClock "1:14:22"]
[BlackClock "0:54:27"]

1. c4 e5 2. g3 Nc6 3. Bg2 f5 4. Nc3 Nf6 5. Nd5 Bd6 6. e3 Nxd5 7. cxd5 Ne7 8.
Ne2 O-O 9. O-O b5 10. d3 Qe8 11. Qb3 Qh5 12. Re1 a6 13. Bd2 Bb7 14. a4 Qf7 15.
axb5 axb5 16. Rxa8 Bxa8 17. Qxb5 1/2-1/2

[Event "Pardubice Open A"]
[Site "?"]
[Date "2015.07.29"]
[Round "6.26"]
[White "KOLOSOWSKI, Mateusz"]
[Black "VYKOUK, Jan"]
[Result "1-0"]
[WhiteElo "2437"]
[BlackElo "2182"]
[PlyCount "103"]
[EventDate "2015.??.??"]
[WhiteClock "0:05:44"]
[BlackClock "0:23:09"]

1. d4 Nf6 2. c4 g6 3. Nf3 Bg7 4. g3 c6 5. Bg2 d5 6. b3 O-O 7. O-O dxc4 8. bxc4
c5 9. Bb2 cxd4 10. Nxd4 Qb6 11. Qc1 Na6 12. Nd2 Bd7 13. Rb1 Rab8 14. Bc3 Qc7
15. Nb5 Bxb5 16. cxb5 Nc5 17. Qa3 b6 18. Nf3 Nfe4 19. Bxg7 Kxg7 20. Nd4 e5 21.
Nf3 Rbd8 22. Qe3 f6 23. Rb4 Nd6 24. g4 Nf7 25. Rc1 Qd6 26. a3 Rfe8 27. Rb2 Qe6
28. h3 Rd6 29. Nd2 Ng5 30. Nb3 Nxb3 31. Rxb3 Qf7 32. Rd3 Rxd3 33. Qxd3 Qe7 34.
Rc6 Ne6 35. e3 Nc5 36. Qc4 e4 37. a4 Rd8 38. a5 Rd1+ 39. Bf1 Qe5 40. axb6 axb6
41. Rxb6 Qa1 42. g5 Qe5 43. gxf6+ Kh6 44. Qe2 Qa1 45. Kg2 Nd7 46. Qg4 Nxf6 47.
Qf4+ Kg7 48. Rb7+ Nd7 49. Qg4 Rxf1 50. Qxd7+ Kh6 51. Qxh7+ Kg5 52. h4+ 1-0

[Event "Pardubice Open A"]
[Site "?"]
[Date "2015.07.29"]
[Round "6.27"]
[White "PFEFFER, Ruprecht"]
[Black "STEINBERG, Nitzan"]
[Result "0-1"]
[WhiteElo "2232"]
[BlackElo "2435"]
[PlyCount "85"]
[EventDate "2015.??.??"]
[WhiteClock "0:02:23"]
[BlackClock "0:24:43"]

1. e4 c5 2. Nc3 d6 3. Nge2 a6 4. g3 g6 5. Bg2 Bg7 6. d4 cxd4 7. Nxd4 Nf6 8. O-O
O-O 9. h3 Nbd7 10. Be3 Nb6 11. Qe2 Qc7 12. Rad1 e5 13. Nb3 Be6 14. Rfe1 Nc4 15.
Bc1 b5 16. Nd2 Nb6 17. Nf1 b4 18. Nd5 Nfxd5 19. exd5 Bd7 20. Be3 Rfc8 21. b3 a5
22. Nd2 f5 23. Nf3 h6 24. h4 Rab8 25. Qa6 Na8 26. Bf1 Rf8 27. Be2 Bc8 28. Qc6
Qd8 29. Ba6 Bd7 30. Qc4 Nc7 31. Ba7 Nxa6 32. Bxb8 Nxb8 33. c3 Qb6 34. cxb4 axb4
35. Nh2 Na6 36. Rc1 Nc5 37. Red1 e4 38. Qe2 f4 39. g4 Be5 40. Kh1 f3 41. Qe1
Nd3 42. Rxd3 exd3 43. Qd2 0-1

[Event "Pardubice Open A"]
[Site "?"]
[Date "2015.07.29"]
[Round "6.28"]
[White "SUNDARARAJAN, Kidambi"]
[Black "MINKO, Vladimir"]
[Result "1/2-1/2"]
[WhiteElo "2433"]
[BlackElo "2226"]
[PlyCount "99"]
[EventDate "2015.??.??"]
[WhiteClock "0:22:51"]
[BlackClock "0:10:25"]

1. d4 Nf6 2. c4 e6 3. Nc3 Bb4 4. g3 c5 5. Nf3 cxd4 6. Nxd4 Qc7 7. Qd3 a6 8. Bg2
Nc6 9. Nxc6 bxc6 10. O-O O-O 11. Na4 a5 12. Bf4 e5 13. Bg5 Be7 14. c5 Ba6 15.
Qc2 h6 16. Bxf6 Bxf6 17. Rfd1 Rad8 18. h4 Be7 19. Be4 Bb5 20. b3 Kh8 21. h5 f5
22. Bxf5 Bxa4 23. bxa4 Bxc5 24. Qxc5 Rxf5 25. Qe7 Rff8 26. Rac1 Kg8 27. Rc4
Rfe8 28. Qd6 Qxd6 29. Rxd6 Kf7 30. Rc5 Ke7 31. Rg6 Kf7 32. Rd6 Ke7 33. Rd3 Ke6
34. Re3 Kd6 35. Rxa5 Ra8 36. Rexe5 Rxe5 37. Rxa8 Rxe2 38. Rg8 Re7 39. a5 Kc5
40. Rb8 d5 41. a6 Ra7 42. Rb7 Rxa6 43. Rxg7 d4 44. g4 d3 45. g5 d2 46. Rd7 Rxa2
47. Kf1 hxg5 48. Ke2 d1=N+ 49. Kxd1 Rxf2 50. Rg7 1/2-1/2

[Event "Pardubice Open A"]
[Site "?"]
[Date "2015.07.29"]
[Round "6.29"]
[White "SHEVCHENKO, Kirill"]
[Black "ALI MARANDI, Cemil Can"]
[Result "1/2-1/2"]
[WhiteElo "2270"]
[BlackElo "2431"]
[PlyCount "53"]
[EventDate "2015.??.??"]
[WhiteClock "0:11:05"]
[BlackClock "0:47:00"]

1. e4 e5 2. Nf3 Nc6 3. Bb5 a6 4. Ba4 Nf6 5. O-O Be7 6. d3 b5 7. Bb3 d6 8. a3
O-O 9. Nc3 Bb7 10. h3 Nb8 11. Re1 c5 12. a4 b4 13. Nb1 Nfd7 14. c3 Kh8 15. Nbd2
f5 16. exf5 Rxf5 17. d4 Rf8 18. dxe5 Nxe5 19. Nxe5 dxe5 20. Nc4 Nd7 21. Na5
Qxa5 22. Qxd7 Qb6 23. Bd5 Bxd5 24. Qxd5 Rad8 25. Qe4 bxc3 26. bxc3 Qb3 27. Qxe5
1/2-1/2

[Event "Pardubice Open A"]
[Site "?"]
[Date "2015.07.29"]
[Round "6.30"]
[White "STOCEK, Jiri"]
[Black "SPALIR, Jernej"]
[Result "1-0"]
[WhiteElo "2573"]
[BlackElo "2346"]
[PlyCount "57"]
[EventDate "2015.??.??"]
[WhiteClock "0:25:11"]
[BlackClock "0:08:48"]

1. d4 d5 2. c4 c6 3. Nc3 Nf6 4. Nf3 dxc4 5. a4 Bf5 6. Nh4 Bc8 7. e3 e5 8. Bxc4
exd4 9. exd4 Be7 10. O-O O-O 11. Re1 Nd5 12. Nf3 Bf6 13. a5 Na6 14. Ne5 Nab4
15. Qb3 Be6 16. Ne4 Bxe5 17. dxe5 b6 18. Bg5 Qc7 19. axb6 axb6 20. Rac1 Kh8 21.
Qg3 c5 22. Bd2 Nc6 23. Ng5 Rad8 24. Bd3 Nde7 25. Bxh7 Nf5 26. Qh3 Nh6 27. Nxe6
fxe6 28. Bxh6 gxh6 29. Be4 1-0

[Event "Pardubice Open A"]
[Site "?"]
[Date "2015.07.29"]
[Round "6.31"]
[White "SORM, Daniel"]
[Black "CHERNYSHOV, Konstantin"]
[Result "0-1"]
[WhiteElo "2347"]
[BlackElo "2529"]
[PlyCount "60"]
[EventDate "2015.??.??"]
[WhiteClock "0:00:38"]
[BlackClock "0:14:24"]

1. d4 e6 2. c4 b6 3. e4 Bb7 4. Nc3 Bb4 5. f3 Nh6 6. Nh3 Qh4+ 7. g3 Qh5 8. Nf4
Bxc3+ 9. bxc3 Qa5 10. Bd2 f5 11. Bd3 Nc6 12. a4 O-O 13. Rb1 fxe4 14. fxe4 Ne7
15. Rb5 Qa6 16. Rg5 Nf7 17. Rh5 e5 18. Nd5 Nxd5 19. exd5 e4 20. Be2 g6 21. Rh4
Nd6 22. Qb3 e3 23. Bc1 Rf2 24. Qa2 Re8 25. c5 Qa5 26. Bxe3 Rxe2+ 27. Qxe2 Ba6
28. Qf3 Nf5 29. Re4 Qxc3+ 30. Kd1 Rxe4 0-1

[Event "Pardubice Open A"]
[Site "?"]
[Date "2015.07.29"]
[Round "6.32"]
[White "PECHAC, Jergus"]
[Black "YAGUPOV, Igor"]
[Result "0-1"]
[WhiteElo "2511"]
[BlackElo "2342"]
[PlyCount "92"]
[EventDate "2015.??.??"]
[WhiteClock "0:19:28"]
[BlackClock "0:04:47"]

1. Nf3 d5 2. g3 Bg4 3. Bg2 Nd7 4. O-O c6 5. c4 e6 6. d3 Ngf6 7. cxd5 exd5 8.
Nc3 Bd6 9. Qb3 Nc5 10. Qc2 Ne6 11. Ng5 h6 12. Nxe6 Bxe6 13. e4 O-O 14. Be3 dxe4
15. dxe4 Ng4 16. Bc1 Ne5 17. Kh1 Bc5 18. Na4 Bd4 19. f4 Ng4 20. h3 Ne3 21. Bxe3
Bxe3 22. f5 Bc8 23. Rae1 Qd2 24. Qb3 Bf2 25. Rd1 Qe3 26. Rd3 Qe2 27. Rfd1 b5
28. Nc3 Qh5 29. Rf1 Bb6 30. g4 Qh4 31. e5 b4 32. Ne4 Ba6 33. f6 Bxd3 34. Qxd3
Rad8 35. Qf3 Bd4 36. fxg7 Kxg7 37. Qf5 Qe7 38. g5 Qxe5 39. Qg4 Qe6 40. Rf5 Rd5
41. Ng3 Rfd8 42. Qh4 Qe3 43. gxh6+ Kh8 44. Rf1 Rg8 45. Ne4 Rf5 46. Re1 Rf4 0-1

[Event "Pardubice Open A"]
[Site "?"]
[Date "2015.07.29"]
[Round "6.33"]
[White "SMOLKOV, Igor"]
[Black "HABA, Petr"]
[Result "0-1"]
[WhiteElo "2328"]
[BlackElo "2488"]
[PlyCount "82"]
[EventDate "2015.??.??"]
[WhiteClock "0:07:31"]
[BlackClock "0:01:04"]

1. e4 e6 2. d4 d5 3. Nd2 c5 4. Ngf3 cxd4 5. exd5 Qxd5 6. Bc4 Qd6 7. O-O Nf6 8.
Nb3 Nc6 9. Nbxd4 Nxd4 10. Qxd4 Qxd4 11. Nxd4 Bd7 12. b3 a6 13. a4 Bb4 14. Bb2
Ne4 15. Nf3 f6 16. Rfd1 e5 17. Bd5 Nc3 18. Bxc3 Bxc3 19. Rab1 O-O-O 20. Nd2 Bg4
21. Bf3 Bxf3 22. Nxf3 e4 23. Nh4 g6 24. g4 Bd2 25. Kf1 Rd7 26. Ke2 Rhd8 27. Ng2
f5 28. f3 exf3+ 29. Kxf3 fxg4+ 30. Kxg4 h5+ 31. Kf3 Rf8+ 32. Ke2 Re8+ 33. Kf3
Rf8+ 34. Ke2 Re8+ 35. Kf3 g5 36. h3 Rf7+ 37. Kg3 h4+ 38. Kg4 Rf2 39. Ne1 Re3
40. Kxg5 Rxe1+ 41. Rxd2 Re5+ 0-1

[Event "Pardubice Open A"]
[Site "?"]
[Date "2015.07.29"]
[Round "6.34"]
[White "LALIC, Bogdan"]
[Black "TATE, Alan"]
[Result "1-0"]
[WhiteElo "2480"]
[BlackElo "2335"]
[PlyCount "51"]
[EventDate "2015.??.??"]
[WhiteClock "0:59:07"]
[BlackClock "0:22:16"]

1. d4 Nf6 2. c4 g6 3. Nc3 d5 4. Nf3 Bg7 5. Qb3 dxc4 6. Qxc4 O-O 7. e4 Nc6 8.
Bf4 Nh5 9. Be3 Bg4 10. e5 Bxf3 11. gxf3 e6 12. h4 Ne7 13. Bh3 Nf5 14. Bxf5 exf5
15. f4 c6 16. O-O-O Rc8 17. Kb1 Bh6 18. d5 cxd5 19. Qb3 Qd7 20. Nxd5 Qe6 21.
Qxb7 Rc4 22. Ne7+ Kg7 23. Rd6 Rb8 24. Qxa7 Ra8 25. Rxe6 Rxa7 26. Nxf5+ 1-0

[Event "Pardubice Open A"]
[Site "?"]
[Date "2015.07.29"]
[Round "6.35"]
[White "KOTLYAR, Kirill"]
[Black "NAKAR, Eylon"]
[Result "1/2-1/2"]
[WhiteElo "2330"]
[BlackElo "2479"]
[PlyCount "46"]
[EventDate "2015.??.??"]
[WhiteClock "0:43:53"]
[BlackClock "0:11:48"]

1. d4 Nf6 2. c4 g6 3. Nc3 Bg7 4. Nf3 O-O 5. e4 d6 6. Be2 e5 7. Be3 exd4 8. Nxd4
c6 9. f3 Re8 10. Bf2 d5 11. exd5 cxd5 12. O-O Nc6 13. c5 Bf8 14. Kh1 Be6 15. a3
Nh5 16. Qd2 Qf6 17. Nxe6 fxe6 18. g3 Ng7 19. f4 Nf5 20. Rad1 Bg7 21. Bf3 a6 22.
Bg2 Rad8 23. Rfe1 Kh8 1/2-1/2

[Event "Pardubice Open A"]
[Site "?"]
[Date "2015.07.29"]
[Round "6.36"]
[White "KELLER, Peter"]
[Black "YUFFA, Daniil"]
[Result "0-1"]
[WhiteElo "2319"]
[BlackElo "2474"]
[PlyCount "82"]
[EventDate "2015.??.??"]
[WhiteClock "0:12:10"]
[BlackClock "0:02:41"]

1. e4 c5 2. Nf3 Nc6 3. d4 cxd4 4. Nxd4 Nf6 5. Nc3 d6 6. Bg5 Bd7 7. Qd2 Rc8 8.
O-O-O Nxd4 9. Qxd4 Qa5 10. f4 Rxc3 11. bxc3 e5 12. Qb4 Qxb4 13. cxb4 Nxe4 14.
Bh4 g5 15. fxg5 Be7 16. Kb2 h6 17. Bd3 hxg5 18. Bg3 Nf6 19. b5 Ng4 20. Rhe1 f5
21. h3 Nf6 22. Bf2 a5 23. bxa6 bxa6 24. Bxa6 Bc6 25. Bf1 Ne4 26. Bg1 Ng3 27.
Rd2 Nxf1 28. Rxf1 f4 29. c4 Kd7 30. c5 d5 31. Re1 Bf6 32. a4 Rb8+ 33. Ka2 Rb4
34. Rb1 Rxa4+ 35. Kb3 d4 36. Re1 Ra8 37. Kc4 Ra3 38. Kb4 Ra8 39. Kc4 Kc7 40.
Rb1 Ra4+ 41. Kb3 e4 0-1

[Event "Pardubice Open A"]
[Site "?"]
[Date "2015.07.29"]
[Round "6.37"]
[White "NEUMAN, Petr"]
[Black "SANDERS, Isaac B"]
[Result "1/2-1/2"]
[WhiteElo "2470"]
[BlackElo "2338"]
[PlyCount "43"]
[EventDate "2015.??.??"]
[WhiteClock "0:19:49"]
[BlackClock "0:52:41"]

1. d4 d5 2. c4 c6 3. Nf3 Nf6 4. e3 g6 5. Be2 Bg7 6. O-O O-O 7. Nc3 dxc4 8. Bxc4
Bg4 9. h3 Bxf3 10. Qxf3 Nbd7 11. Rd1 e5 12. d5 e4 13. Nxe4 Nxe4 14. Qxe4 Nb6
15. Rb1 Re8 16. Qc2 Nxc4 17. Qxc4 Re5 18. d6 Re6 19. d7 Qc7 20. e4 Rd8 21. Qd3
Re7 22. Bg5 1/2-1/2

[Event "Pardubice Open A"]
[Site "?"]
[Date "2015.07.29"]
[Round "6.38"]
[White "NARAYANAN, Srinath"]
[Black "MAREK, Matyas"]
[Result "1-0"]
[WhiteElo "2464"]
[BlackElo "2326"]
[PlyCount "63"]
[EventDate "2015.??.??"]
[WhiteClock "0:22:02"]
[BlackClock "0:01:16"]

1. e4 c5 2. Nf3 d6 3. d4 cxd4 4. Nxd4 Nf6 5. Nc3 a6 6. h3 e5 7. Nde2 h5 8. Ng1
b5 9. Nf3 Bb7 10. Ng5 Be7 11. Qf3 Nc6 12. Be3 Nd4 13. Bxd4 exd4 14. Nb1 Rc8 15.
Bd3 Rc5 16. h4 O-O 17. Nd2 Ng4 18. Nb3 Bxg5 19. Nxc5 dxc5 20. hxg5 Qxg5 21. Qg3
c4 22. Be2 f5 23. f4 Qe7 24. O-O-O Qxe4 25. Bf3 Qe3+ 26. Kb1 Be4 27. Rhe1 h4
28. Qxh4 Qxf4 29. Rxe4 fxe4 30. Bxg4 Qe5 31. Rh1 Rf4 32. Be6+ 1-0

[Event "Pardubice Open A"]
[Site "?"]
[Date "2015.07.29"]
[Round "6.39"]
[White "KUTYNEC, Vladimir"]
[Black "BRYZGALIN, Kirill"]
[Result "1-0"]
[WhiteElo "2310"]
[BlackElo "2459"]
[PlyCount "65"]
[EventDate "2015.??.??"]
[WhiteClock "0:10:24"]
[BlackClock "0:01:08"]

1. d4 d5 2. c4 c6 3. Nf3 Nf6 4. e3 Bf5 5. Nc3 e6 6. Qb3 Qb6 7. c5 Qc7 8. Nh4
Be4 9. f3 Bg6 10. Bd2 Be7 11. Nxg6 hxg6 12. O-O-O b6 13. cxb6 axb6 14. e4 b5
15. exd5 b4 16. dxe6 bxc3 17. exf7+ Kf8 18. Bxc3 Nd5 19. Bc4 Nd7 20. Bxd5 cxd5
21. Qxd5 Nb6 22. Qe4 Rxa2 23. d5 Qd6 24. Be5 Ra1+ 25. Kc2 Qc5+ 26. Bc3 Rxd1 27.
Rxd1 Qd6 28. Be5 Qc5+ 29. Kb1 Rh5 30. Bd4 Qxd5 31. Bxg7+ Kxg7 32. Rxd5 Nxd5 33.
g4 1-0

[Event "Pardubice Open A"]
[Site "?"]
[Date "2015.07.29"]
[Round "6.40"]
[White "SABOL, Marian"]
[Black "BIOLEK, Richard Jr"]
[Result "1/2-1/2"]
[WhiteElo "2312"]
[BlackElo "2457"]
[PlyCount "121"]
[EventDate "2015.??.??"]
[WhiteClock "0:11:24"]
[BlackClock "0:06:19"]

1. Nf3 Nf6 2. g3 g6 3. b4 Bg7 4. Bb2 d6 5. Bg2 e5 6. d3 O-O 7. O-O Nh5 8. c4 e4
9. Bxg7 exf3 10. Bxf8 fxg2 11. Kxg2 Qxf8 12. Nc3 Nc6 13. b5 Ne7 14. e4 Qh6 15.
h4 Nf6 16. Nd5 Nexd5 17. cxd5 Bg4 18. Qc1 Qxc1 19. Rfxc1 Ne8 20. Rab1 Bd7 21.
d4 Kf8 22. f4 Ke7 23. Kf3 h5 24. Rb3 Kd8 25. f5 gxf5 26. e5 a6 27. a4 axb5 28.
axb5 Ra5 29. Rcb1 Ke7 30. Kf4 f6 31. e6 Bc8 32. Rc3 b6 33. Kxf5 Bb7 34. Rbc1 c5
35. bxc6 Bc8 36. Kg6 Nc7 37. Rf3 Nxd5 38. Rf5 Bxe6 39. Re1 Nc7 40. Rxh5 Rxh5
41. Kxh5 Kf7 42. Ra1 Nd5 43. Ra7+ Ne7 44. g4 Bd5 45. g5 fxg5 46. Kxg5 Bxc6 47.
h5 Be4 48. h6 Ke6 49. d5+ Nxd5 50. h7 Bxh7 51. Rxh7 b5 52. Rb7 b4 53. Kg4 Ke5
54. Kf3 Kd4 55. Ke2 Kc3 56. Rb5 Nf4+ 57. Ke3 Nd3 58. Rb6 Ne5 59. Ke4 b3 60.
Rxd6 b2 61. Rb6 1/2-1/2

[Event "Pardubice Open A"]
[Site "?"]
[Date "2015.07.29"]
[Round "6.41"]
[White "POPOV, Mikhail"]
[Black "VALSECCHI, Alessio"]
[Result "0-1"]
[WhiteElo "2308"]
[BlackElo "2457"]
[PlyCount "116"]
[EventDate "2015.??.??"]
[WhiteClock "0:01:28"]
[BlackClock "0:10:50"]

1. b3 d5 2. Bb2 Nd7 3. e4 dxe4 4. Nc3 Ngf6 5. Qe2 e6 6. Nxe4 Nxe4 7. Qxe4 Nf6
8. Qh4 Be7 9. O-O-O a5 10. a4 Nd5 11. Qg3 Bf6 12. d4 O-O 13. Nf3 c6 14. Ne5
Bg5+ 15. Kb1 f6 16. Nd3 b5 17. Nc5 Bf4 18. Qf3 b4 19. Bc4 Bd6 20. Bxd5 cxd5 21.
Nd3 Ra7 22. Qe3 Re7 23. f4 Qc7 24. Rhe1 Bd7 25. Qf3 Bc6 26. Rd2 Rfe8 27. Rde2
Bb7 28. g3 Qc8 29. Re3 Qc6 30. Qf2 Bc8 31. g4 Ba6 32. g5 Bxd3 33. Rxd3 fxg5 34.
fxg5 Rf8 35. Qe2 Bf4 36. Qg4 Qd6 37. Rf3 Rf5 38. h4 g6 39. Qg2 Ref7 40. Ref1
Bg3 41. Rxf5 Rxf5 42. Bc1 Bxh4 43. Rh1 Bf2 44. Qh3 Qc7 45. Be3 Bg3 46. Qg2 Bd6
47. Qe2 Qc6 48. Bd2 e5 49. dxe5 Bxe5 50. Qe3 d4 51. Qh3 d3 52. Qxh7+ Kf8 53.
Rc1 dxc2+ 54. Rxc2 Rf1+ 55. Bc1 Qe4 56. Qh6+ Kg8 57. Qh3 Rxc1+ 58. Kxc1 Qe1#
0-1

[Event "Pardubice Open A"]
[Site "?"]
[Date "2015.07.29"]
[Round "6.42"]
[White "CERNOUSEK, Lukas"]
[Black "MICHENKA, Jozef"]
[Result "1/2-1/2"]
[WhiteElo "2455"]
[BlackElo "2323"]
[PlyCount "105"]
[EventDate "2015.??.??"]
[WhiteClock "0:05:04"]
[BlackClock "0:18:39"]

1. d4 Nf6 2. c4 e6 3. g3 d5 4. Nf3 dxc4 5. Bg2 Bb4+ 6. Bd2 a5 7. Qc2 Nc6 8.
Qxc4 Qd5 9. Qd3 Qe4 10. Qxe4 Nxe4 11. e3 Bd7 12. O-O Nxd2 13. Nbxd2 Ke7 14.
Rfc1 Rhc8 15. Ne4 a4 16. Ne1 Bxe1 17. Rxe1 b6 18. Rec1 Nb4 19. Nd2 Ra7 20. a3
Na6 21. Nc4 f6 22. Rc3 Rb8 23. e4 c5 24. dxc5 Nxc5 25. e5 b5 26. exf6+ gxf6 27.
Na5 Rc8 28. Nc6+ Bxc6 29. Rxc5 Kd6 30. Rxc6+ Rxc6 31. Rd1+ Kc7 32. Bxc6 Kxc6
33. Kg2 Rd7 34. Rc1+ Kb6 35. Rc2 Rd3 36. Re2 e5 37. Kh3 Rd4 38. g4 b4 39. axb4
Kb5 40. g5 Kxb4 41. gxf6 Rf4 42. Kg3 Rxf6 43. Rxe5 Rg6+ 44. Kf3 Rh6 45. Kg2
Rg6+ 46. Kh1 Rf6 47. Re4+ Kb3 48. f4 Rc6 49. f5 Rf6 50. Rf4 Kxb2 51. Rxa4 Rxf5
52. Ra7 Kc3 53. Rxh7 1/2-1/2

[Event "Pardubice Open A"]
[Site "?"]
[Date "2015.07.29"]
[Round "6.43"]
[White "PALCHUN, Grigory"]
[Black "SIMACEK, Pavel"]
[Result "1/2-1/2"]
[WhiteElo "2306"]
[BlackElo "2454"]
[PlyCount "83"]
[EventDate "2015.??.??"]
[WhiteClock "0:28:35"]
[BlackClock "0:01:55"]

1. d4 g6 2. Nf3 Bg7 3. Bf4 d6 4. e3 Nd7 5. h3 e5 6. Bh2 exd4 7. exd4 Ngf6 8.
Be2 O-O 9. O-O Re8 10. c4 Ne4 11. Re1 b6 12. Bd3 Ndf6 13. Qc2 Bb7 14. Nbd2 Nxd2
15. Nxd2 Nd7 16. Be4 Bxe4 17. Rxe4 Nf6 18. Rxe8+ Qxe8 19. Nf3 Qc6 20. Re1 Re8
21. Rxe8+ Qxe8 22. Bf4 Qe4 23. Qxe4 Nxe4 24. Kf1 f5 25. Ke2 Kf7 26. Be3 c6 27.
Kd3 Ke7 28. Ng1 Nf6 29. Bg5 h6 30. Bxf6+ Bxf6 31. b4 Bh4 32. g3 Bg5 33. b5 cxb5
34. cxb5 Ke6 35. Ne2 h5 36. f3 Bh6 37. a4 Bg5 38. Nc3 h4 39. g4 fxg4 40. fxg4
d5 41. Ne2 Kd6 42. Ng1 1/2-1/2